Countries by AI-Generated Images #1 - Statistics

General Stats
  • This quiz has been taken 1,598 times
  • The average score is 11 of 18
Answer Stats
Picture Answer % Correct
United States
100%
Egypt
98%
Japan
96%
China
90%
Netherlands
85%
France
68%
Ireland
66%
Vietnam
66%
Jordan
64%
Thailand
60%
Austria
58%
Finland
55%
South Africa
49%
Mexico
48%
Australia
44%
Bolivia
32%
Portugal
28%
Poland
22%
No matching quizzes found
Score Distribution
Percent of People with Each Score
Percentile by Number Answered
Your Score History
You have not taken this quiz